Statystyki dla Państwa, które produkują najwięcej piwa

Kliknij tutaj aby rozwiązać quiz!

Ogólne statystyki

  • Ten quiz został rozwiązany 24 razy
  • Średni wynik to 10 z 15

Statystyki odpowiedzi

Tony metrycznePaństwo% Poprawnych
36,6Chiny
100%
8,54Niemcy
100%
3,83Polska
100%
20,4Stany Zjednoczone
95%
8,20Rosja
77%
16,9Brazylia
68%
3,81Hiszpania
68%
2,45Japonia
68%
3,84Wielka Brytania
64%
2,40Belgia
59%
2,21Holandia
59%
13,5Meksyk
59%
3,10Republika Południowej Afryki
36%
2,69Kolumbia
32%
4,20Wietnam
32%

Rozkład punktacji

Percentyl według liczby udzielonych odpowiedzi

Procent ludzi z każdym wynikiem

Twoja historia wyników

Nie rozwiązałeś tego quizu